| 000 | 004030000a22001690004500 | ||
|---|---|---|---|
| 003 | LK-CoMWRAF | ||
| 008 | 230817t ||||| |||| 00| 0 eng d | ||
| 040 |
_aLK-CoMWRAF _dLK-CoMWRAF _eLK-CoMWRAF |
||
| 041 | _aeng | ||
| 082 |
_a160 _bISL |
||
| 245 |
_aIslam law journal _b |
||
| 260 |
_aLahore _bOriental Pub. _c1989 |
||
| 300 | _ap.340 | ||
| 490 | _aVol.IV part III | ||
| 650 | _aMuslim law | ||
| 942 | _cBK | ||
| 999 |
_c248 _d248 |
||